| 000 | 00442nam a2200157Ia 4500 | ||
|---|---|---|---|
| 008 | 210716s9999 xx 000 0 und d | ||
| 020 | _a0814406459 | ||
| 041 | _aeng | ||
| 082 | _a658.40714 DOWD | ||
| 100 | _aDowney, Diane;March, Tom;Berkman, Adena. | ||
| 245 |
_aAssimilating new leaders: the key to executive retention. _bKey to executive retention. |
||
| 250 | _a1 | ||
| 260 |
_aNew York _bAMACOM |
||
| 300 | _ax,201 | ||
| 650 | _aNone | ||
| 999 |
_c197984 _d197984 |
||